| 000 -LEADER |
| fixed length control field |
00407pab a2200157 454500 |
| 008 - FIXED-LENGTH DATA ELEMENTS--GENERAL INFORMATION |
| fixed length control field |
180718b1988 xxu||||| |||| 00| 0 eng d |
| 100 ## - MAIN ENTRY--PERSONAL NAME |
| Personal name |
Petras, James |
| 245 ## - TITLE STATEMENT |
| Title |
Nuclear war and U.S. Third World relations |
| Remainder of title |
The reglected mimension |
| 260 ## - PUBLICATION, DISTRIBUTION, ETC. |
| Date of publication, distribution, etc. |
1988 |
| 300 ## - PHYSICAL DESCRIPTION |
| Extent |
151-8 |
| 362 ## - DATES OF PUBLICATION AND/OR SEQUENTIAL DESIGNATION |
| Dates of publication and/or sequential designation |
Jan. |
| 650 ## - SUBJECT ADDED ENTRY--TOPICAL TERM |
| Topical term or geographic name entry element |
Atomic Warfare |
| 700 ## - ADDED ENTRY--PERSONAL NAME |
| Personal name |
Morris Morley |
| 773 ## - HOST ITEM ENTRY |
| Main entry heading |
Economic Political Weekly |
| 909 ## - |
| -- |
4063 |